[Event "GER-chT U20"]
[Site "Willingen"]
[Date "2021.06.26"]
[Round "5"]
[White "Grimm, Ling Leander"]
[Black "Brockmeyer, Tobias"]
[Result "0-1"]
[WhiteElo "1811"]
[BlackElo "1890"]
[PlyCount "56"]
[EventDate "2021.06.24"]
[EventType "team-swiss"]
[EventRounds "7"]
[EventCountry "GER"]
[SourceTitle "CBM 203 Extra"]
[Source "ChessBase"]
[SourceDate "2021.09.30"]
[SourceVersion "1"]
[SourceVersionDate "2021.09.30"]
[SourceQuality "1"]
[WhiteTeam "Bebenhausen"]
[BlackTeam "Lehrte"]
[WhiteTeamCountry "GER"]
[BlackTeamCountry "GER"]

1. e4 e6 2. d4 d5 3. exd5 exd5 4. Nf3 Nc6 5. c4 Bb4+ 6. Nc3 Nge7 7. a3 Bxc3+ 8. bxc3 0-0 9. Be2 dxc4 10. Bxc4 Re8 11. 0-0 Nd5 12. Qc2 Bg4 13. Ng5 g6 14. Qd3 Na5 15. Ba2 Be2 16. Qh3 h5 17. Be3 c6 18. Rfe1 Bc4 19. g4 Nxe3 20. Rxe3 Qxg5 21. Rg3 h4 22. f4 Qxf4 23. Rf3 Qg5 24. Bxc4 Nxc4 25. Qf1 Nd2 26. Qg2 Nxf3+ 27. Qxf3 Qe3+ 28. Qxe3 Rxe3 0-1

[Event "GER-chT U20"]
[Site "Willingen"]
[Date "2021.06.25"]
[Round "3"]
[White "Grimm, Ling Leander"]
[Black "Kamp, Aaron"]
[Result "0-1"]
[WhiteElo "1811"]
[BlackElo "1771"]
[PlyCount "94"]
[EventDate "2021.06.24"]
[EventType "team-swiss"]
[EventRounds "7"]
[EventCountry "GER"]
[SourceTitle "CBM 203 Extra"]
[Source "ChessBase"]
[SourceDate "2021.09.30"]
[SourceVersion "1"]
[SourceVersionDate "2021.09.30"]
[SourceQuality "1"]
[WhiteTeam "Bebenhausen"]
[BlackTeam "Muenster"]
[WhiteTeamCountry "GER"]
[BlackTeamCountry "GER"]

1. e4 c5 2. c3 Nf6 3. e5 Nd5 4. d4 cxd4 5. Nf3 d6 6. cxd4 Nc6 7. Bc4 dxe5 8. dxe5 Nb6 9. Bb3 Qxd1+ 10. Bxd1 Bf5 11. 0-0 h6 12. Nc3 e6 13. Be2 Be7 14. Bb5 Rc8 15. Nd4 0-0 16. Bxc6 bxc6 17. Nxf5 exf5 18. Be3 Rfd8 19. b3 Rd3 20. Ne2 g5 21. Rfd1 Rcd8 22. Rxd3 Rxd3 23. g3 c5 24. Rc1 Nd7 25. Kf1 Nxe5 26. Bxc5 Bxc5 27. Rxc5 Nf3 28. Rxf5 g4 29. Rf4 Rd1+ 30. Kg2 Ne1+ 31. Kf1 Nd3+ 32. Kg2 Nxf4+ 33. Nxf4 Rd2 34. Nh5 f5 35. a3 Rb2 36. h3 gxh3+ 37. Kxh3 Rxb3 38. Kh4 Rxa3 39. Nf4 Ra4 40. Kh5 Rxf4 41. gxf4 Kg7 42. Kh4 a5 43. Kg3 a4 44. f3 a3 45. Kh3 a2 46. Kh4 a1Q 47. Kh5 Qh1# 0-1

[Event "GER-chT U16"]
[Site "Walldorf"]
[Date "2017.12.30"]
[Round "7.2"]
[White "Buschmann, Julius"]
[Black "Grimm, Ling Leander"]
[Result "0-1"]
[WhiteElo "1585"]
[BlackElo "1880"]
[PlyCount "114"]
[EventDate "2017.12.26"]
[EventType "team-swiss"]
[EventRounds "7"]
[EventCountry "GER"]
[SourceTitle "CBM 182 Extra"]
[Source "ChessBase"]
[SourceDate "2018.02.23"]
[SourceVersion "1"]
[SourceVersionDate "2018.02.23"]
[SourceQuality "1"]
[WhiteTeam "Leipzig Turm"]
[BlackTeam "Bebenhausen"]
[WhiteTeamCountry "GER"]
[BlackTeamCountry "GER"]

1. e4 c5 2. Nf3 g6 3. d4 cxd4 4. Nxd4 Nc6 5. Be3 Nf6 6. f3 d5 7. exd5 Nxd5 8. Nxc6 bxc6 9. Bd4 f6 10. Bc4 e5 11. Bf2 Be6 12. Bb3 Bh6 13. 0-0 Qa5 14. Qe1 Qxe1 15. Rxe1 a5 16. Nc3 Kf7 17. Nxd5 cxd5 18. a4 Rab8 19. Be3 Bxe3+ 20. Rxe3 d4 21. Rd3 Bxb3 22. cxb3 Rhc8 23. Rad1 Ke6 24. R1d2 Rb4 25. Kf2 Rcb8 26. Rc2 Rxb3 27. Rxb3 Rxb3 28. Rc6+ Ke7 29. Rc5 Rxb2+ 30. Kf1 Kd6 31. Rxa5 f5 32. Ra6+ Kc7 33. Re6 Ra2 34. Rxe5 Rxa4 35. f4 Kd6 36. Ke2 d3+ 37. Kxd3 Rxf4 38. Re2 Kd5 39. g3 Rf3+ 40. Re3 Rf2 41. Re2 Rxe2 42. Kxe2 Ke4 43. Kf2 g5 44. Ke2 g4 45. Kf2 Kd3 46. Ke1 Ke3 47. Kf1 Kf3 48. Kg1 h5 49. Kf1 h4 50. gxh4 Ke4 51. Kf2 f4 52. Kg2 Kf5 53. Kf2 Kg6 54. Kg2 Kh5 55. Kf2 Kxh4 56. Kg2 f3+ 57. Kh1 Kh3 0-1

[Event "GER-chT U16"]
[Site "Walldorf"]
[Date "2017.12.28"]
[Round "3.2"]
[White "Vuckovic, Robert"]
[Black "Grimm, Ling Leander"]
[Result "1-0"]
[WhiteElo "1780"]
[BlackElo "1880"]
[PlyCount "101"]
[EventDate "2017.12.26"]
[EventType "team-swiss"]
[EventRounds "7"]
[EventCountry "GER"]
[SourceTitle "CBM 182 Extra"]
[Source "ChessBase"]
[SourceDate "2018.02.23"]
[SourceVersion "1"]
[SourceVersionDate "2018.02.23"]
[SourceQuality "1"]
[WhiteTeam "Augsburg"]
[BlackTeam "Bebenhausen"]
[WhiteTeamCountry "GER"]
[BlackTeamCountry "GER"]

1. e4 c5 2. Nc3 Nc6 3. d3 d6 4. g3 g6 5. Bg2 Bg7 6. Be3 Rb8 7. Qd2 b5 8. f4 b4 9. Nd1 Bd7 10. Nf3 Nf6 11. h3 Qc8 12. g4 Qa6 13. 0-0 b3 14. cxb3 Nb4 15. Ne1 Bb5 16. Nf2 0-0 17. a3 Rfd8 18. Qd1 Nxd3 19. Nexd3 c4 20. Nb4 Qc8 21. Rc1 d5 22. exd5 a5 23. bxc4 Bxc4 24. Nc6 Rd7 25. Rxc4 Qe8 26. Nxb8 Qxb8 27. Qc2 Bf8 28. Rd1 Qb5 29. Rc5 Qb6 30. Qd2 e6 31. Rxa5 Qb8 32. Ne4 Nxd5 33. Rxd5 Rxd5 34. Nf6+ Kg7 35. Nxd5 exd5 36. Qxd5 Be7 37. Qe5+ Qxe5 38. fxe5 h5 39. b4 Bh4 40. b5 Bg3 41. b6 Bxe5 42. Bd4 f6 43. Bxe5 fxe5 44. b7 e4 45. b8Q e3 46. Rd7+ Kf6 47. Qb6+ Kg5 48. Qxe3+ Kh4 49. Rd5 hxg4 50. Qf2+ g3 51. Qf4# 1-0

[Event "GER-chT U16"]
[Site "Neumarkt in der Oberpfalz"]
[Date "2016.12.28"]
[Round "3.3"]
[White "Grimm, Ling Leander"]
[Black "Wegmer, Leon"]
[Result "1-0"]
[WhiteElo "1763"]
[BlackElo "1605"]
[PlyCount "63"]
[EventDate "2016.12.27"]
[EventType "team-swiss"]
[EventRounds "7"]
[EventCountry "GER"]
[SourceTitle "EXT 2018"]
[Source "ChessBase"]
[SourceDate "2017.10.13"]
[SourceVersion "1"]
[SourceVersionDate "2017.10.13"]
[SourceQuality "1"]
[WhiteTeam "Bebenhausen"]
[BlackTeam "Karlsruhe SF"]
[WhiteTeamCountry "GER"]
[BlackTeamCountry "GER"]

1. e4 c6 2. d4 d5 3. exd5 cxd5 4. c4 Nf6 5. Nc3 e6 6. a3 b6 7. Nf3 Bb7 8. Bg5 dxc4 9. Bxc4 Be7 10. 0-0 0-0 11. Qe2 Nc6 12. Rad1 h6 13. Bc1 Na5 14. Ba2 Rc8 15. Rfe1 Bxa3 16. Ne5 Re8 17. Rd3 Ba6 18. Bxh6 Bxd3 19. Qxd3 gxh6 20. bxa3 Nh7 21. Nxf7 Qc7 22. Qg6+ Kf8 23. Qxh6+ Kg8 24. Qg6+ Kf8 25. Qh6+ Kg8 26. Bxe6 Rxe6 27. Qxe6 Qxc3 28. Nd6+ Kg7 29. Qg4+ Kf8 30. Qxc8+ Qxc8 31. Nxc8 Nc6 32. d5 1-0

[Event "GER-chT U14"]
[Site "Regensburg"]
[Date "2014.12.28"]
[Round "3.2"]
[White "Grimm, Ling Leander"]
[Black "Hesse, Henrik"]
[Result "0-1"]
[WhiteElo "1668"]
[BlackElo "1698"]
[PlyCount "56"]
[EventDate "2014.12.27"]
[EventType "team-swiss"]
[EventRounds "7"]
[EventCountry "GER"]
[SourceTitle "EXT 2018"]
[Source "ChessBase"]
[SourceDate "2017.10.13"]
[SourceVersion "1"]
[SourceVersionDate "2017.10.13"]
[SourceQuality "1"]
[WhiteTeam "Bebenhausen"]
[BlackTeam "Treptow"]
[WhiteTeamCountry "GER"]
[BlackTeamCountry "GER"]

1. c4 Nf6 2. Nf3 g6 3. Nc3 Bg7 4. g3 d6 5. Bg2 e5 6. d3 0-0 7. 0-0 Nc6 8. Rb1 a5 9. a3 Be6 10. b4 axb4 11. axb4 e4 12. Nd2 e3 13. Nf3 exf2+ 14. Kh1 d5 15. Ng5 dxc4 16. Nxe6 fxe6 17. dxc4 Qxd1 18. Nxd1 Ng4 19. Bf4 e5 20. Bd5+ Kh8 21. Bg5 h6 22. Bc1 Ra2 23. Nc3 Rc2 24. Nb5 Rxe2 25. Kg2 Re1 26. Bxh6 Rxb1 27. Rxb1 Bxh6 28. Bf3 f1Q+ 0-1

[Event "GER-ch U14"]
[Site "Magdeburg"]
[Date "2014.06.14"]
[Round "9"]
[White "Piskaykin, Bogdan"]
[Black "Grimm, Ling Leander"]
[Result "1-0"]
[WhiteElo "1819"]
[BlackElo "1700"]
[PlyCount "95"]
[EventDate "2014.06.08"]
[EventType "swiss"]
[EventRounds "9"]
[EventCountry "GER"]
[SourceTitle "CBM 160 Extra"]
[Source "ChessBase"]
[SourceDate "2014.07.01"]
[SourceVersion "1"]
[SourceVersionDate "2014.07.01"]
[SourceQuality "1"]

1. e4 c6 2. d4 d5 3. e5 Bf5 4. h4 h5 5. Nf3 e6 6. Bd3 Bxd3 7. Qxd3 Nd7 8. Bg5 Be7 9. c4 dxc4 10. Qxc4 Nb6 11. Qe2 Qc7 12. Nbd2 Bb4 13. a3 Bxd2+ 14. Nxd2 Nd5 15. Nc4 Nge7 16. Nd6+ Kf8 17. Qf3 Nc8 18. Ne4 Nce7 19. Nc5 Nf5 20. Be3 Nb6 21. Rc1 Nd5 22. b4 Kg8 23. g3 Qe7 24. 0-0 a5 25. Rb1 axb4 26. axb4 b6 27. Ne4 Ra4 28. Ra1 Qxb4 29. Nd6 g6 30. Rfb1 Qa5 31. Qd1 Nc3 32. Rxa4 Qxa4 33. Qxa4 Nxa4 34. Ra1 b5 35. Rc1 Ne7 36. Bg5 Nd5 37. Rxc6 Kg7 38. Nxb5 Rb8 39. Nd6 Nac3 40. Bf6+ Kf8 41. Kg2 Nxf6 42. Rxc3 Nd5 43. Rc8+ Rxc8 44. Nxc8 Nc3 45. Kf3 f6 46. Nd6 Ke7 47. Ne4 f5 48. Nxc3 1-0

[Event "GER-ch U14"]
[Site "Magdeburg"]
[Date "2014.06.12"]
[Round "7"]
[White "Grimm, Ling Leander"]
[Black "Gutschenreiter, Dorian"]
[Result "1/2-1/2"]
[WhiteElo "1700"]
[BlackElo "1882"]
[PlyCount "153"]
[EventDate "2014.06.08"]
[EventType "swiss"]
[EventRounds "9"]
[EventCountry "GER"]
[SourceTitle "CBM 160 Extra"]
[Source "ChessBase"]
[SourceDate "2014.07.01"]
[SourceVersion "1"]
[SourceVersionDate "2014.07.01"]
[SourceQuality "1"]

1. c4 Nf6 2. Nc3 g6 3. g3 Bg7 4. Bg2 d6 5. e4 c5 6. Nge2 Nc6 7. 0-0 Nd7 8. d3 Nf8 9. Be3 Ne6 10. a3 Ned4 11. Rb1 a5 12. f4 0-0 13. Bf2 Bd7 14. h3 e5 15. Nd5 a4 16. Nec3 Ne7 17. Nxe7+ Qxe7 18. Nd5 Qd8 19. f5 Bc6 20. f6 Bh6 21. Ne7+ Kh8 22. Qg4 Ne6 23. h4 Bd7 24. Qd1 Re8 25. g4 Bf8 26. Nd5 b5 27. Be3 Nc7 28. g5 Nxd5 29. exd5 bxc4 30. dxc4 Bf5 31. Rc1 Qb6 32. Rf2 Reb8 33. Rc3 Qa5 34. Bc1 Rb7 35. Qf3 Rab8 36. Qg3 Rb3 37. Rff3 Kg8 38. Rxb3 Rxb3 39. Rxb3 axb3 40. Qe3 Qa4 41. Qc3 Bc2 42. Bd2 e4 43. Bh3 Kh8 44. Kf2 Bd3 45. Bf1 Bxf1 46. Kxf1 Qd7 47. Qxb3 Qf5+ 48. Kg2 Qg4+ 49. Qg3 Qe2+ 50. Qf2 Qxc4 51. Qe3 Qxd5 52. b4 Qc6 53. bxc5 dxc5 54. Bc3 Bd6 55. Kf2 Kg8 56. Bd2 Kf8 57. Qc3 Qa4 58. Qa5 Qxa5 59. Bxa5 c4 60. a4 Bc5+ 61. Ke2 Ke8 62. Bc3 Kd7 63. Kf1 Kc6 64. Kg2 Kb6 65. Kg3 Be3 66. Kg2 Ka6 67. Kf1 Bb6 68. Ke2 Ba5 69. Bd4 Bb4 70. Ke3 Ka5 71. Kxe4 Kxa4 72. Kd5 Kb3 73. Kc6 Be1 74. Kd7 c3 75. Ke7 c2 76. Be3 Kb2 77. Kxf7 1/2-1/2

[Event "GER-ch U14"]
[Site "Magdeburg"]
[Date "2014.06.11"]
[Round "6"]
[White "Amler, Nick"]
[Black "Grimm, Ling Leander"]
[Result "1/2-1/2"]
[WhiteElo "1414"]
[BlackElo "1700"]
[PlyCount "139"]
[EventDate "2014.06.08"]
[EventType "swiss"]
[EventRounds "9"]
[EventCountry "GER"]
[SourceTitle "CBM 160 Extra"]
[Source "ChessBase"]
[SourceDate "2014.07.01"]
[SourceVersion "1"]
[SourceVersionDate "2014.07.01"]
[SourceQuality "1"]

1. e4 c5 2. Nf3 Nc6 3. d4 cxd4 4. Nxd4 g6 5. Nc3 Bg7 6. Be3 Nf6 7. Bc4 0-0 8. Bb3 a5 9. f3 d5 10. Bxd5 Nxd5 11. exd5 Nb4 12. Nde2 Bf5 13. Rc1 Rc8 14. 0-0 Re8 15. a3 Nxc2 16. Rxc2 Bxc2 17. Qxc2 Qxd5 18. Qxg6 hxg6 19. Nxd5 Rc2 20. Nec3 e6 21. Nf4 Bxc3 22. bxc3 Rxc3 23. Bc1 Rc2 24. Nd3 Rd8 25. Ne5 Rdc8 26. Bg5 Re2 27. Nd3 Ra2 28. Be7 Rc7 29. Bc5 Rd2 30. Bb6 Rc6 31. Ne5 Rxb6 32. Nc4 Rbb2 33. Nxd2 Rxd2 34. Rb1 Ra2 35. Rb3 a4 36. Rc3 Kf8 37. h4 Rb2 38. Rc1 b5 39. Ra1 f5 40. Re1 Kf7 41. Re5 Kf6 42. f4 b4 43. Ra5 bxa3 44. Rxa4 a2 45. Kh2 Rb4 46. Rxa2 Rxf4 47. g3 Rd4 48. Kg2 Rd6 49. Ra4 e5 50. Kf2 e4 51. g4 Re6 52. Ke3 fxg4 53. Kf4 e3 54. Ra1 e2 55. Re1 g3 56. Kxg3 Re3+ 57. Kf4 Re5 58. Kf3 Kf5 59. h5 g5 60. Rxe2 Ra5 61. Rh2 g4+ 62. Kg3 Ra3+ 63. Kh4 g3 64. Rg2 Kf4 65. Rg1 Rc3 66. h6 Rc6 67. Rf1+ Ke5 68. h7 Rh6+ 69. Kxg3 Rxh7 70. Rb1 1/2-1/2

[Event "GER-ch U14"]
[Site "Magdeburg"]
[Date "2014.06.10"]
[Round "5"]
[White "Grimm, Ling Leander"]
[Black "Bergauz, Noam"]
[Result "0-1"]
[WhiteElo "1700"]
[BlackElo "2240"]
[PlyCount "54"]
[EventDate "2014.06.08"]
[EventType "swiss"]
[EventRounds "9"]
[EventCountry "GER"]
[SourceTitle "CBM 160 Extra"]
[Source "ChessBase"]
[SourceDate "2014.07.01"]
[SourceVersion "1"]
[SourceVersionDate "2014.07.01"]
[SourceQuality "1"]

1. c4 Nf6 2. Nc3 g6 3. g3 Bg7 4. Bg2 0-0 5. e4 Nc6 6. Nge2 a6 7. 0-0 Rb8 8. a4 d6 9. f4 e6 10. d4 Na5 11. b3 c5 12. Ba3 Ng4 13. Rf3 cxd4 14. Nxd4 Qb6 15. Nce2 e5 16. fxe5 Nxe5 17. Rc3 Bg4 18. c5 Qa7 19. Rac1 b5 20. axb5 axb5 21. b4 Nac4 22. Ra1 Qc7 23. cxd6 Qxd6 24. h3 Bxe2 25. Nxe2 Qb6+ 26. Kh2 Rbd8 27. Qc2 Rd2 0-1

[Event "GER-chT U12"]
[Site "Schney"]
[Date "2013.12.29"]
[Round "6.1"]
[White "Grimm, Ling Leander"]
[Black "Koelz, Niklas"]
[Result "1-0"]
[WhiteElo "1519"]
[BlackElo "1640"]
[PlyCount "110"]
[EventDate "2013.12.27"]
[EventType "team-swiss"]
[EventRounds "7"]
[EventCountry "GER"]
[SourceTitle "EXT 2015"]
[Source "ChessBase"]
[SourceDate "2014.11.20"]
[SourceVersion "1"]
[SourceVersionDate "2014.11.20"]
[SourceQuality "1"]
[WhiteTeam "Bebenhausen"]
[BlackTeam "Halver Schalksmuehle"]
[WhiteTeamCountry "GER"]
[BlackTeamCountry "GER"]

1. c4 e5 2. Nc3 Nc6 3. g3 f5 4. Bg2 Nf6 5. a3 d6 6. d3 Be7 7. Nf3 0-0 8. 0-0 Qe8 9. e3 Qh5 10. Nd2 Qg6 11. b4 Nd8 12. f4 exf4 13. exf4 c6 14. Re1 Qf7 15. Bb2 Bd7 16. Nf3 h6 17. a4 Nh7 18. Qc2 g5 19. Ne2 Ne6 20. Nfd4 Nxd4 21. Bxd4 Bf6 22. Bxf6 Nxf6 23. fxg5 hxg5 24. Qd2 Qg6 25. b5 Rab8 26. Nd4 c5 27. Nf3 Nh7 28. Re7 Qf6 29. Rae1 Rf7 30. Rxf7 Kxf7 31. Rd1 g4 32. Nh4 Qd4+ 33. Kh1 Qf6 34. Qa5 a6 35. Qc7 Rd8 36. Rf1 Ke8 37. Re1+ Kf8 38. Ng6+ Kg7 39. Nf4 Kg8 40. Bd5+ Kf8 41. Ne6+ Bxe6 42. Rxe6 Qa1+ 43. Kg2 Qb2+ 44. Kf1 Qb1+ 45. Kf2 Qb2+ 46. Re2 Qd4+ 47. Kf1 Qa1+ 48. Re1 Qxe1+ 49. Kxe1 Re8+ 50. Kf2 Ng5 51. Qxd6+ Kg7 52. Qd7+ Kf8 53. Qxf5+ Ke7 54. Qxg5+ Kd7 55. Qf5+ Kd8 1-0

[Event "GER-chT U12"]
[Site "Schney"]
[Date "2013.12.28"]
[Round "3.1"]
[White "Wiesner, Alexander"]
[Black "Grimm, Ling Leander"]
[Result "1/2-1/2"]
[WhiteElo "1819"]
[BlackElo "1519"]
[PlyCount "59"]
[EventDate "2013.12.27"]
[EventType "team-swiss"]
[EventRounds "7"]
[EventCountry "GER"]
[SourceTitle "EXT 2015"]
[Source "ChessBase"]
[SourceDate "2014.11.20"]
[SourceVersion "1"]
[SourceVersionDate "2014.11.20"]
[SourceQuality "1"]
[WhiteTeam "Karlsruhe"]
[BlackTeam "Bebenhausen"]
[WhiteTeamCountry "GER"]
[BlackTeamCountry "GER"]

1. e4 c5 2. Nf3 Nc6 3. d4 cxd4 4. Nxd4 g6 5. c4 d6 6. Nc3 Nf6 7. Be2 Bg7 8. Be3 0-0 9. 0-0 Bd7 10. Qd2 Nxd4 11. Bxd4 Bc6 12. f3 e6 13. Rad1 Qe7 14. Qe3 b6 15. Qf2 Rad8 16. Rd2 Rfe8 17. Rfd1 Rd7 18. Bf1 Rc8 19. Be3 Rcd8 20. Bg5 h6 21. Bh4 g5 22. Bg3 Nh5 23. f4 Nxg3 24. Qxg3 gxf4 25. Qxf4 Qg5 26. Qf3 Qf6 27. Qd3 Qg5 28. Qf3 Qf6 29. Qd3 Qg5 30. Qf3 1/2-1/2